000 00428nab a2200145Ia 4500
003 ES-SlBCS
005 20210601141351.0
008 140529s1973 xxu||||| |||| 00| 0 spa d
041 _aspa
100 1 _aSoltis, Jonas F.
_9139168
245 0 0 _aDeveloping New Paradigms
_c Jonas F. Soltis
650 0 4 _aParadigmas Educativos
_9255334
773 0 _tEducational Theory
_gvol. 23, nº. 2, 1973, págs. 171-176
_wRev1399
942 _cAR
999 _c659620
_d659620